000 00298nam a2200121Ia 4500
008 191201s2013 xx 000 0 und d
100 _aKOEGELBUFORD, John F
245 0 _aMultimedia Systems
250 _a14th IMP
260 _c2013
_bPearson Education
_aNEW DELHI
300 _a463
942 _2ddc
_cBK
999 _c7970
_d7970